000 00335nam a2200145Ia 4500
008 221030s9999 xx 000 0 und d
020 _a81212234x
082 _a105.23
100 _aV Prakash
245 0 _aHuman Resource Management
260 _bAnmol Pub
_aNew Delhi
_c2005
300 _a528
650 _aManagement
942 _cBK
_2ddc
999 _c540
_d540